Les 100 communes les plus larges de France sur une carte - Statistiques

Statistiques générales
  • Ce quiz a été pris 77 fois
  • Le résultat moyen est 14 sur 100
Réponses sur la Carte
Les réponses sont colorées sur une échelle allant du rouge au vert en fonction du pourcentage des utilisateurs qui les ont devinées à leur premier essai. Vous pouvez retrouver ces pourcentages ci-dessous.
 
Statistiques - réponses
Département Superficie Commune % Correct
Bouches-du-Rhône 758,93 Arles
72%
Bouches-du-Rhône 240,62 Marseille
62%
Guyane 4 830,00 Saint-Laurent-du-Maroni
54%
Manche 148,68 La Hague
51%
La Réunion 241,28 Saint-Paul
51%
Alpes-de-Haute-Provence 205,55 Saint-Paul-sur-Ubaye
51%
Guyane 2 160,00 Kourou
46%
Calvados 144,97 Saint-Pierre-en-Auge
43%
La Réunion 229,61 Saint-Benoît
40%
Bas-Rhin 182,59 Haguenau
35%
Gironde 180,2 La Teste-de-Buch
35%
La Réunion 165,43 Le Tampon
35%
Guyane 18 360,00 Maripasoula
32%
Guyane 2 320,00 Saint-Georges
32%
Bouches-du-Rhône 186,08 Aix-en-Provence
31%
Gironde 214,02 Lacanau
29%
Bouches-du-Rhône 374,61 Saintes-Maries-de-la-Mer
26%
Maine-et-Loire 241,54 Segré-en-Anjou Bleu
26%
Corse-du-Sud 200,4 Sartène
25%
Haute-Corse 149,27 Corte
24%
Seine-et-Marne 172,05 Fontainebleau
24%
Corse-du-Sud 168,65 Porto-Vecchio
24%
Landes 160,48 Biscarrosse
22%
Gard 161,85 Nîmes
22%
Gironde 190,5 Hourtin
21%
Aude 172,96 Narbonne
19%
La Réunion 178,50 Saint-Joseph
19%
Maine-et-Loire 230,45 Beaupréau-en-Mauges
18%
Bouches-du-Rhône 214,87 Saint-Martin-de-Crau
18%
Maine-et-Loire 213,07 Sèvremoine
18%
Gironde 175,4 Carcans
16%
Alpes-Maritimes 177,47 Tende
16%
Maine-et-Loire 323,98 Chemillé-en-Anjou
15%
Maine-et-Loire 191,87 Mauges-sur-Loire
15%
Gard 153,73 Saint-Gilles
15%
Maine-et-Loire 148,55 Doué-en-Anjou
13%
Guyane 6 332,60 Mana
13%
Guyane 12 130,00 Régina
13%
Guyane 4 475,00 Saül
13%
Savoie 408,05 Val-Cenis
13%
Gironde 149,03 Le Porge
12%
Maine-et-Loire 156,34 Orée d'Anjou
12%
Gironde 156,03 Belin-Béliet
10%
Savoie 179,07 Bourg-Saint-Maurice
10%
Guyane 10 030,00 Camopi
10%
Pyrénées-Atlantiques 248,96 Laruns
10%
Guyane 5 680,00 Saint-Élie
10%
La Réunion 153,94 Saint-Philippe
10%
Deux-Sèvres 180,59 Bressuire
9%
Hautes-Pyrénées 156,84 Cauterets
9%
Calvados 180,83 Livarot-Pays-d'Auge
9%
La Réunion 177,60 Sainte-Rose
9%
Maine-et-Loire 198,85 Montrevault-sur-Èvre
7%
Guyane 2 628,00 Papaichton
7%
Guyane 1 340,00 Sinnamary
7%
Guyane 2 020,00 Apatou
6%
Maine-et-Loire 268,16 Baugé-en-Anjou
6%
Hautes-Pyrénées 227,11 Gavarnie-Gèdre
6%
Guyane 2 762,00 Iracoubo
6%
Guyane 377,50 Macouria
6%
Lozère 147,38 Monts-de-Randon
6%
Hautes-Alpes 191,93 Névache
6%
Maine-et-Loire 299,45 Noyant-Villages
6%
Alpes-Maritimes 173,81 Saint-Étienne-de-Tinée
6%
Ariège 153,8 Aston
4%
Ariège 162,74 Auzat
4%
Guyane 187,40 Awala-Yalimapo
4%
Haute-Corse 182,77 Calenzana
4%
Guyane 2 112,00 Grand-Santi
4%
Landes 160,07 Luxey
4%
Maine-et-Loire 178,86 Lys-Haut-Layon
4%
Maine-et-Loire 202,16 Ombrée d'Anjou
4%
Landes 160,13 Sabres
4%
Landes 147,72 Sore
4%
Calvados 187,28 Souleuvre en Bocage
4%
Hautes-Alpes 159,31 Abriès-Ristolas
3%
Côtes-d'Armor 163,23 Le Mené
3%
Savoie 226,84 Les Belleville
3%
Aveyron 168,23 Millau
3%
Guyane 600,00 Montsinéry-Tonnegrande
3%
Guyane 1 080,00 Ouanary
3%
Pyrénées-Orientales 145,09 Prats-de-Mollo-la-Preste
3%
Guyane 3 902,50 Roura
3%
Savoie 149,53 Beaufort
1%
Hautes-Alpes 186,37 Dévoluy
1%
Orne 165,79 Gouffern en Auge
1%
Orne 151,76 Longny les Villages
1%
Lozère 153,3 Peyre en Aubrac
1%
Aveyron 208,72 Sévérac d'Aveyron
1%
Aveyron 151,78 Argences en Aubrac
0%
Yonne 230,4 Charny Orée de Puisaye
0%
Dordogne 150,48 Mareuil en Périgord
0%
Lozère 159,36 Massegros Causses Gorges
0%
Eure 165,40 Mesnil-en-Ouche
0%
Lozère 166,21 Mont Lozère et Goulet
0%
Lozère 167,34 Pont de Montvert - Sud Mont Lozère
0%
Alpes-de-Haute-Provence 165,64 Prads-Haute-Bléone
0%
Calvados 157,94 Valdallière
0%
Eure-et-Loir 145,3 Vald'Yerre
0%
Loire-Atlantique 188,96 Vallons-de-l'Erdre
0%
Aucun quiz correspondant
Distribution des résultats
% des personnes avec chaque résultat
Percentile par nombre de réponses
Votre historique - résultats
Vous n’avez pas pris ce quiz